000 00294nam a22001337a 4500
008 170227b xxu||||| |||| 00| 0 eng d
020 _a9780850663266
041 _aeng
080 _a577
100 _a5
101 _aSHMD
245 _aLYSOMAL STORAGE DISEASES
_cWATTS, R.W.E
942 _2udc
_cBK
999 _c6311
_d6311